000 00779nam a2200241 i 4500
001 173554
003 ES-MaACL
005 20260616130213.0
008 091207s1982 sp |||| | spa d
020 _a84-249-0302-1
080 _a821.14-13"-08"
100 0 _aHomero
_964112
240 1 0 _aLa Odisea.
_lEspañol
245 1 0 _aOdisea /
_cHomero ; introducción de Manuel Fernández-Galiano ; traducción de José Manuel Pabón.
260 _aMadrid :
_bGredos,
_c[1982]
300 _a518 p. ;
_c20 cm.
490 1 _aBiblioteca clásica Gredos ;
_v48
700 1 _aFernández-Galiano, Manuel (
_d1918-1988)
_9150962
700 1 _aPabón, José Manuel.
_988100
830 1 _aBiblioteca clásica Gredos ;
_v48
_9177556
852 4 _aES-MaACL
_jC-57041
999 _c173554
_d173554